Slaves who abolished slavery / (Record no. 7363)
[ view plain ]
| 000 -LEADER | |
|---|---|
| fixed length control field | 01093nam a2200313 a 4500 |
| 001 - ACCESSION NUMBER | |
| control field | 010009641 |
| 003 - CONTROL NUMBER IDENTIFIER | |
| control field | UkOxU |
| 005 - DATE AND TIME OF LATEST TRANSACTION | |
| control field | 20170713153310.0 |
| 008 - FIXED-LENGTH DATA ELEMENTS--GENERAL INFORMATION | |
| fixed length control field | 890109m19809999jm b 001 0 eng d |
| 020 ## - INTERNATIONAL STANDARD BOOK NUMBER | |
| International Standard Book Number | N/A |
| 035 ## - SYSTEM CONTROL NUMBER | |
| System control number | oxf990005930 |
| 040 ## - CATALOGING SOURCE | |
| Original cataloging agency | ddc |
| Transcribing agency | ddc |
| Modifying agency | ddc |
| Language of cataloging | eng |
| 043 ## - GEOGRAPHIC AREA CODE | |
| Geographic area code | nwjm--- |
| 050 #0 - LIBRARY OF CONGRESS CALL NUMBER | |
| Classification number | HT1096 |
| Item number | .H36 1980 |
| 082 ## - DEWEY DECIMAL CLASSIFICATION NUMBER | |
| Classification number | 972.9 |
| Edition number | 19 |
| 092 ## - LOCALLY ASSIGNED DEWEY CALL NUMBER (OCLC) | |
| Classification number | D0400002487 |
| 100 1# - MAIN ENTRY--PERSONAL NAME | |
| Personal name | Hart, Richard, |
| Dates associated with a name | 1917-2013. |
| 245 10 - TITLE STATEMENT | |
| Title | Slaves who abolished slavery / |
| Statement of responsibility, etc. | Richard Hart. |
| 260 ## - PUBLICATION, DISTRIBUTION, ETC. (IMPRINT) | |
| Place of publication, distribution, etc. | Kingston, Jamaica : |
| Name of publisher, distributor, etc. | Institute of Social and Economic Research, University of the West Indies, |
| Date of publication, distribution, etc. | 1980-1985. |
| 300 ## - PHYSICAL DESCRIPTION | |
| Extent | 2 v. : |
| Other physical details | ill. ; |
| Dimensions | 21 cm. |
| 500 ## - GENERAL NOTE | |
| General note | Includes bibliographies and indexes. |
| 505 1# - FORMATTED CONTENTS NOTE | |
| Formatted contents note | v. 1. Blacks in bondage -- v. 2. Blacks in rebellion. |
| 650 #0 - SUBJECT ADDED ENTRY--TOPICAL TERM | |
| Topical term or geographic name as entry element | Insurgency |
| Geographic subdivision | Jamaica |
| General subdivision | History. |
| 650 #0 - SUBJECT ADDED ENTRY--TOPICAL TERM | |
| Topical term or geographic name as entry element | Slavery |
| Geographic subdivision | Jamaica |
| General subdivision | History. |
| 651 #0 - SUBJECT ADDED ENTRY--GEOGRAPHIC NAME | |
| Geographic name | Jamaica |
| General subdivision | History |
| Chronological subdivision | Maroon War, 1795-1796. |
| 651 #0 - SUBJECT ADDED ENTRY--GEOGRAPHIC NAME | |
| Geographic name | Jamaica |
| General subdivision | History |
| Chronological subdivision | Slave Insurrection, 1831. |
| 942 ## - ADDED ENTRY ELEMENTS (KOHA) | |
| Source of classification or shelving scheme | Dewey Decimal Classification |
| Koha item type | Books |
| Withdrawn status | Lost status | Source of classification or shelving scheme | Damaged status | Not for loan | Home library | Current library | Date acquired | Total Checkouts | Full call number | Barcode | Date last seen | Price effective from | Koha item type |
|---|---|---|---|---|---|---|---|---|---|---|---|---|---|
| Dewey Decimal Classification | Wesley Powell Learning Resource Centre | Wesley Powell Learning Resource Centre | 07/13/2017 | R/WIC/972.9 HAR(17908) | 17908 | 07/13/2017 | 07/13/2017 | Books | |||||
| Dewey Decimal Classification | Wesley Powell Learning Resource Centre | Wesley Powell Learning Resource Centre | 07/13/2017 | R/WIC/972.9 HAR(17301) | 17301 | 07/13/2017 | 07/13/2017 | Books | |||||
| Dewey Decimal Classification | Wesley Powell Learning Resource Centre | Wesley Powell Learning Resource Centre | 07/13/2017 | R/WIC/972.9 HAR(6461) | 6461 | 07/13/2017 | 07/13/2017 | Books | |||||
| Dewey Decimal Classification | Wesley Powell Learning Resource Centre | Wesley Powell Learning Resource Centre | 07/13/2017 | R/WIC/972.9 HAR(17300) | 17300 | 07/13/2017 | 07/13/2017 | Books | |||||
| Dewey Decimal Classification | Wesley Powell Learning Resource Centre | Wesley Powell Learning Resource Centre | 07/13/2017 | R/WIC/972.9 HAR(17907) | 17907 | 07/13/2017 | 07/13/2017 | Books |